| 000 | 01501nam a22004097a 4500 | ||
|---|---|---|---|
| 001 | 88 | ||
| 003 | FISKH | ||
| 005 | 20231004141844.0 | ||
| 008 | 230222b cb ||||| |||| 00| 0 eng d | ||
| 010 | _a 2012285135 | ||
| 020 | _a9780545488761 (hc.) | ||
| 020 | _a0545488761 (hc.) | ||
| 020 | _a9780545387613 (pbk.) | ||
| 020 | _a0545387612 (pbk.) | ||
| 035 | _a(OCoLC)ocn811575852 | ||
| 040 |
_aUPZ _beng _cUPZ _dYDXCP _dBTCTA _dSINLB _dOCLCO _dHSA _dNYP _dJP3 _dIHI _dILC _dZGH _dDLC _dFISKH |
||
| 042 | _alccopycat | ||
| 050 | 0 | 0 |
_aPZ7.S8882 _bSl 2013 |
| 082 | 0 | 4 |
_a486 _223 |
| 100 | 1 | _aStoudemire, Amar'e. | |
| 245 | 1 | 0 |
_aSlam dunk / _cby Amar'e Stoudemire ; illustrated by Tim Jessell. |
| 260 |
_aNew York : _bScholastic Press, _cc2013. |
||
| 300 |
_a142 p. : _bill. ; _c22 cm. |
||
| 490 | 1 |
_aSTAT ; _v3 |
|
| 520 | _aWhen some of the older kids get on Amar'e for not being able to dunk, he sets a goal to make that happen soon. But when Amar'e's playing time is put on hold, he'll have to come to terms with all of the other things he's been neglecting. | ||
| 521 | 8 |
_a600
_bLexile |
|
| 521 | 8 |
_aO
_bRaz-Plus |
|
| 600 | 1 | 0 |
_aStoudemire, Amar'e _vJuvenile fiction. |
| 650 | 0 |
_aBasketball players _vJuvenile fiction. |
|
| 650 | 0 |
_aFriendship _vJuvenile fiction. |
|
| 650 | 0 | _aBasketball stories. | |
| 650 | 1 |
_aBasketball _vFiction. |
|
| 700 | 1 |
_aJessell, Tim, _eill. |
|
| 800 | 1 |
_aStoudemire, Amar'e. _tSTAT ; _v3. |
|
| 906 |
_a7 _bcbc _ccopycat _d2 _encip _f20 _gy-gencatlg |
||
| 942 |
_2ddc _cBK _n0 |
||
| 999 |
_c88 _d88 |
||